Statistiques concernant Culture Générale - Série 728

Cliquez ici pour prendre le quiz!

Statistiques générales

  • Ce quiz a été pris 157 fois
  • Le résultat moyen est 7 sur 10

Statistiques - réponses

QuestionRéponse% Correct
Complétez le titre du film réalisé en 1968 par Franklin J. Schaffner, "La planète des ...singes
99%
De quel pays l'Olympe est-il le point culminant ?Grèce
94%
Quelle est la ville natale de Napoléon Ier ?Ajaccio
87%
Selon l'expression, une personne qui parle très mal notre langue "parle français comme une vache...espagnole
82%
Combien y a-t-il de cases sur un échiquier ?64
76%
Complétez le titre de l'ouvrage de Chateaubriand, "Mémoires ...d'outre tombe
75%
Dans quelle ville Anne Frank a-t-elle vécu, au n° 2 63 Prinsengracht ?Amsterdam
69%
Dans la saga cinématographique "L'Âge de glace", quel animal est Manfred, surnommé Manny ?mammouth
66%
Quel sommet de l'Alaska, haut de 6194 mètres, est la plus haute montagne d'Amérique du Nord ?Denali
23%
À quel roi de Judée l'Évangile attribue-t-il le massacre des Innocents ?Hérode
21%

Distribution des résultats

Percentile par nombre de réponses

% des personnes avec chaque résultat

Votre développement - résultats

Vous n’avez pas pris ce quiz